000 00419nmm a2200145Ia 4500
008 251105s9999||||xx |||||||||||||||||und||
041 _aspa
100 _aAlemany, Salva
245 0 _aÉire :
_b Finalista I Premio La Trama
264 _a[Madrid, España] :
_bEdiciones B,
_c2015
300 _a295 páginas
650 _aThriller & Suspense
856 _uhttps://public.digitaliapublishing.com/a/54129
942 _cCF
999 _c105333
_d105333